Statistiken für Erkenne die falsche Station dieses (ehemaligen) Bundesligastürmers!

Klicken Sie hier um das Quiz zu spielen!

Allgemein

  • Dieses Quiz wurde 119 mal gespielt
  • Das Durchschnittsergebnis liegt bei 5 aus 10

Antwortstatistiken

FrageAntwort% Korrekt
Vedad IbisevicKarlsruher SC
64%
CaiubySC Paderborn
63%
Dimitar RangelovWerder Bremen
55%
Niklas FüllkrugFortuna Düsseldorf
54%
Simon ZollerHamburger SV
52%
Sven SchipplockSSV Ulm
50%
Karim MatmourBayer 04 Leverkusen
47%
Mo IdrissouWuppertaler SV
38%
Florian NiederlechnerStuttgarter Kickers
36%
Domi KumbelaSV Sandhausen
17%

Verteilung der Resultate

Perzentil nach korrekt beantworteten Fragen

Anzahl Personen mit jedem Resultat

Ihre Resultats-Entwicklung

Sie haben dieses Quiz noch nicht gespielt